Islamic Schools and Branches by Countries - Statistics

General Stats
  • This quiz has been taken 579 times
  • The average score is 4 of 10
Answer Stats
Answer Hint % Correct
Sunni
91%
Shia
90%
Ibadi Oman
41%
Hanafi Afghanistan, Albania, Bangladesh, Bosnia and Herzegovina, Egypt, India, Iraq, Jordan, Kazakhstan, Kosovo, Kyrgyzstan, Lebanon, Pakistan, Russia, Syria, Tajikistan, Turkey, Turkmenistan, Uzbekistan
34%
Hanbali Qatar, Saudi Arabia, United Arab Emirates
30%
Maliki Algeria, Benin, Burkina Faso, Chad, Guinea, Libya, Mali, Mauritania, Morocco, Niger, Nigeria, Senegal, Sierra Leone, Sudan, Tunisia
29%
Shafi'i Brunei, Djibouti, Eritrea, Ethiopia, India, Indonesia, Kenya, Malaysia, Maldives, Mozambique, Tanzania
24%
Ismaili Afghanistan, Tajikistan
21%
Jafari Azerbaijan, Bahrain, Iran, Syria
13%
Zaidi Saudi Arabia, Yemen
12%
No matching quizzes found
Score Distribution
Percent of People with Each Score
Percentile by Number Answered
Your Score History
You have not taken this quiz